Mathematics in engineering and science
Saved in:
| Main Author: | |
|---|---|
| Other Authors: | |
| Format: | Book |
| Language: | English |
| Published: |
Chichester :
John Wiley,
c1998
|
| Subjects: | |
| Tags: |
Add Tag
No Tags, Be the first to tag this record!
|
MARC
| LEADER | 00000nam a2200000 i 4500 | ||
|---|---|---|---|
| 001 | 1/54042 | ||
| 008 | 980916s1998 eng d | ||
| 035 | |l 10044881 | ||
| 040 | |a GR-MY-UA |b gre |e aacr | ||
| 041 | 0 | |a eng | |
| 082 | 0 | |a 510 | |
| 100 | 1 | |a Mustoe, L. R. | |
| 245 | 1 | 0 | |a Mathematics in engineering and science / |c L. R. Mustoe, M. D. J. Barry |
| 260 | |a Chichester : |b John Wiley, |c c1998 | ||
| 300 | |a xii, 756 p.; |b ill.; |c 23 cm. | ||
| 500 | |a Includes index | ||
| 650 | 0 | 0 | |a Mathematics. |
| 650 | 0 | 0 | |a Engineering mathematics. |
| 700 | 1 | |a Barry, M. D. J. | |
| 852 | |a INST |b SAMOS |e 19980916 |h 510 MUS |p 005300010899 |q 005300010899 |t BK |y 0 | ||
| 901 | |a BIBL-1998-3 | ||
| 909 | |a Σ |b 057537 | ||
| 922 | |a 3ΕΛΗ |b 199807 |c ΔΩΡ |d JOHN WILEY | ||